Careers in child care /
| Main Author: | |
|---|---|
| Other Authors: | |
| Format: | Book |
| Language: | English |
| Published: |
New York :
McGraw-Hill,
[2008]
|
| Edition: | 3rd ed. |
| Subjects: | |
| Online Access: | Table of contents only Publisher description Contributor biographical information |
MARC
| Tag | First Indicator | Second Indicator | Subfields |
|---|---|---|---|
| LEADER | 00000cam a2200000 a 4500 | ||
| 001 | in00002347113 | ||
| 005 | 20151108061446.0 | ||
| 008 | 070312s2008 nyua b 001 0 eng | ||
| 010 | |a 2007010431 | ||
| 015 | |a GBA763591 |2 bnb | ||
| 016 | 7 | |a 013817610 |2 Uk | |
| 020 | |a 0071482113 (alk. paper) | ||
| 020 | |a 9780071482110 (alk. paper) | ||
| 029 | 1 | |a QBX |b a 07010431 | |
| 035 | |a (OCoLC)ocm85892429 | ||
| 035 | |a (OCoLC)85892429 | ||
| 040 | |a DLC |c DLC |d YDX |d BTCTA |d BAKER |d UKM |d ZS3 |d QBX |d YDXCP |d TXA |d UtOrBLW | ||
| 049 | |a TXAM | ||
| 050 | 0 | 0 | |a HQ778.5 |b .E24 2008 |
| 082 | 0 | 0 | |a 362.71/202373 |2 22 |
| 100 | 1 | |a Eberts, Marjorie. | |
| 245 | 1 | 0 | |a Careers in child care / |c Marjorie Eberts and Margaret Gisler. |
| 250 | |a 3rd ed. | ||
| 264 | 1 | |a New York : |b McGraw-Hill, |c [2008] | |
| 264 | 4 | |c ©2008 | |
| 300 | |a viii, 232 pages : |b illustrations ; |c 23 cm. | ||
| 336 | |a text |b txt |2 rdacontent | ||
| 337 | |a unmediated |b n |2 rdamedia | ||
| 338 | |a volume |b nc |2 rdacarrier | ||
| 504 | |a Includes bibliographical references (pages 217-229) and index. | ||
| 650 | 0 | |a Child care workers |x Vocational guidance. | |
| 700 | 1 | |a Gisler, Margaret. | |
| 856 | 4 | 1 | |3 Table of contents only |u http://www.loc.gov/catdir/toc/ecip0713/2007010431.html |t 0 |
| 856 | 4 | 2 | |3 Publisher description |u http://www.loc.gov/catdir/enhancements/fy0714/2007010431-d.html |t 0 |
| 856 | 4 | 2 | |3 Contributor biographical information |u http://www.loc.gov/catdir/enhancements/fy0737/2007010431-b.html |t 0 |
| 938 | |a Baker & Taylor |b BKTY |c 16.95 |d 12.71 |i 0071482113 |n 0007281871 |s active | ||
| 938 | |a Baker and Taylor |b BTCP |n BK0007281871 | ||
| 938 | |a Quality Books, Inc. |b QUAL |n a 07010431 | ||
| 938 | |a YBP Library Services |b YANK |n 2558918 | ||
| 948 | |a cataloged |b h |c 2007/12/17 |d c |e vilik |f 12:45:50 pm | ||
| 994 | |a C0 |b TXA | ||
| 999 | |a MARS | ||
| 999 | f | f | |s 1d1f6817-f5f2-31a6-833e-0c0f5b0756cd |i c8e7b6a6-42b7-30f0-8db4-beeb08e1e36c |t 0 |
| 952 | f | f | |p ric |a Texas A&M University |b Rellis Campus |c Joint Library Facility |d Remote Storage |t 0 |e HQ778.5 .E24 2008 |h Library of Congress classification |i unmediated -- volume |m A14836476024 |
| 998 | f | f | |a HQ778.5 .E24 2008 |t 0 |l Remote Storage |